01252nam a2200241 i 4500001000300000245014700003260003400150300003200184490007500216500019900291650004100490650004600531650005100577650004200628655002900670830007500699020001500774040000800789041000700797080006700804008004100871856009800912bg00aRosja i jej sąsiedzi /c[aut. Witold Rodkiewicz ; Instytut Studiów Strategicznych, Friedrich Ebert Stiffung. Przedstawicielstwo w Polsce]. aKraków :b"Meritum",c2000. a105 s. :b2 wykr. ;c21 cm.1 aZeszyty / Fundacja "Międzynarodowe Centrum Rozwoju Demokracji" ;v40 aMateriały z seminarium pt.: Rosyjski kryzys i jego konsekwencje, które odbyło się 12.10.1998 r. oraz z seminarium pt.: Rosja jej sąsiedzi, które odbyło się 18.03.1999 r. w Krakowie. 9aRosja a Polskaxpolitykayod 1991 r. 9aRosja a Białoruśxpolitykayod 1991 r. 9aRosja a kraje bałtyckiexpolitykayod 1991 r. 9aKryzys gospodarczyxRosjayod 1991 r. aMateriały konferencyjne 0aZeszyty (Fundacja "Międzynarodowe Centrum Rozwoju Demokracji") ;v40 a8387832200 cBPK0 apl a327(470+571]:[483+474+476)"1991/...":338.12(470+571)"1991/..." s pl f |000 0 pol  uhttp://koha.tu.koszalin.pl/cgi-bin/koha/opac-detail.pl?biblionumber=39181yKatalog online BPK